000
00340nam a2200133Ia 4500
008
240624s9999 xx 000 0 und d
041
_a
eng
082
_a
658.4038 MAR
100
_a
MARAKAS GEORGE M
245
_a
MODERN DATA WAREHOUSING MINING AND VISUA
260
_c
2003
_a
New Delhi
_b
Pearson Education
300
_a
xiv, : 274
365
_c
RS
999
_c
910
_d
910